عرض عادي عرض مارك
  • Upadhyay, Alka

مدخل إسم شخص

عدد التسجيلات المستخدمة في: 1

001 - رقم الضبط

  • حقل الضبط: 41975

003 - معرف رقم الضبط

  • حقل الضبط: OSt

005 - تاريخ ووقت أخر عملية

  • حقل الضبط: 20140109163035.0

008 - عناصر بيانات ثابتة الطول

  • حقل تحكم ثابت الطول: 140109|||a|||||| | ||| d

040 ## - مصدر الفهرسة

  • هيئة الفهرسة الأصلية: OSt
  • وكالة الكتابة: OSt

100 ## - مدخل -- أسم شخص

  • إسم شخص: Upadhyay, Alka
  • مصطلح الرابط: Author

670 ## - بيانات المصدر موجوده

  • الاستشهاد بالمصدر: Work cat.: (OSt)0: Upadhyay, Alka Author, Water Management and Public Participation, Nov. 2012